Popularne polskie piosenki w tym tygodniu. 29.01-04.02 - Statystyki

Ogólne statystyki
  • Ten quiz został rozwiązany 7 razy
  • Średni wynik to 11 z 30
Statystyki odpowiedzi
Wykonawca Wyświetlenia Utwór % Poprawnych
Young Leosia 1.43M Szklanki
86%
Kabe 1.54M Nad ranem
71%
Żabson feat. Vladimir Cauchemar 924K OBOK
71%
Wiatr feat. Sobel, Be Vis 1.05M Testarossa
71%
ReTo 556K Billy Kid
57%
Bedoes & Lanek 652K Doda
57%
Alberto 927K Dwutakt
57%
Guzior feat. Oskar83 1.59M FALA
57%
Sobel 1.07M Kinol
57%
Qry 1.29M Bierz do buzi
43%
Guzior 2.12M BLUEBERRY
43%
Quebonafide feat. Daria Zawiałow 567K BUBBLETEA
43%
Florek feat. Młodypago, Piluś 712K Buzi
43%
Kali x Major feat. PlanBe 717K California
43%
Kizo feat. Trill Pem 692K Fitness
43%
Cheatz 811K gdzie jest stary dawid
43%
Kali x Major 526K Mona Lisa
43%
Sanah feat. Vito Bambino 2.56M Ale jazz!
29%
Wac Toja 528K Kapitan
29%
BARANOVSKI 813K Lubię być z nią
29%
Vivat 1.13M Oddam ci wszystko
29%
Nizioł feat. Intruz, Peja 729K Bagaż
14%
Smolasty feat. Kizo 642K Cartier
14%
KęKę 678K Moja Gwardia
14%
Defis & MiłyPan 1.33M Musisz się starać
14%
Szpaku 646K NPC
14%
Michał Szczygieł 682K Spontan
14%
Szpaku feat. Dziarma 694K Wino
14%
Sanah 559K No sory
0%
Tymek, Kuba Karaś, Urbanski 646K Oczko w głowie
0%
Nie znaleziono quizów pasujących do podanych kryteriów
Rozkład punktacji
Procent ludzi z każdym wynikiem
Percentyl według liczby udzielonych odpowiedzi
Twoja historia wyników
Nie rozwiązałeś tego quizu